Sports Quiz

Random Sports or MLB Quiz

Big 4 Contradictory Conferences Quiz Stats

 Plays Quiz Updated Feb 8, 2016

Also try: Team by Stadium
Challenge
Share
Tweet
Embed
Score 0/13 Timer 02:00
3 Plays Today
Hint Answer % Correct
MLBHouston Astros
73.8%
NBAHouston Rockets
67.2%
NFLKansas City Chiefs
64.5%
NBANew Orleans Pelicans
63.9%
MLBTexas Rangers
62.9%
NBAMemphis Grizzlies
60.3%
NBAMinnesota Timberwolves
55.6%
NHLSt. Louis Blues
55.2%
NHLChicago Blackhawks
55.1%
NBADallas Mavericks
51.3%
NHLMinnesota Wild
51%
NHLDallas Stars
47.2%
NHLNashville Predators
44.3%

You're not logged in!

Compare scores with friends on all Sporcle quizzes.
Join for Free
OR
Log In

You Might Also Like...

Show Comments

Extras

Top Quizzes Today


Score Distribution

Your Account Isn't Verified!

In order to create a playlist on Sporcle, you need to verify the email address you used during registration. Go to your Sporcle Settings to finish the process.

Report this User

Report this user for behavior that violates our Community Guidelines.

Details: